Revista jurídica de Buenos Aires. testimonio de derecho penal. Homenaje a Andrés José D'Alessio / Año 2011 :
Guardado en:
| Autor Principal: | |
|---|---|
| Otros Autores: | |
| Formato: | Libro |
| Idioma: | Spanish |
| Publicado: |
Buenos Aires :
Abeledo Perrot; Departamento de publicaciones UBA,
2012.
|
| Edición: | 1a. ed. |
| Materias: | |
| Etiquetas: |
Agregar Etiqueta
Sin Etiquetas, Sea el primero en etiquetar este registro!
|
| LEADER | 00663nam a22001695a 4500 | ||
|---|---|---|---|
| 001 | DER.der012238 | ||
| 008 | 180615s2012####ag#||||||||||||||#||spa|| | ||
| 005 | 20260223082914.0 | ||
| 245 | 1 | 0 | |a Revista jurídica de Buenos Aires. |p Año 2011 : |b testimonio de derecho penal. Homenaje a Andrés José D'Alessio / |c coordinado por Mauro A. Divito, Mónica Antonini. |
| 250 | |a 1a. ed. | ||
| 260 | |a Buenos Aires : |b Abeledo Perrot; Departamento de publicaciones UBA, |c 2012. | ||
| 300 | |a 388 p. | ||
| 020 | |a 9789502023601 | ||
| 100 | 1 | |a Divito, Mauro A., |e coord. | |
| 700 | 1 | |a Antonini, Mónica, |e coord. | |
| 650 | 7 | |a DERECHO PROCESAL PENAL | |
| 859 | |a DERECHO |b BIB. DERECHO |h 345 |i REV |p 006953 | ||
